China remembers / (Record no. 54877)
[ view plain ]
| 000 -LEADER | |
|---|---|
| fixed length control field | 00784cam a22002774a 4500 |
| 001 - CONTROL NUMBER | |
| control field | 200566 |
| 005 - DATE AND TIME OF LATEST TRANSACTION | |
| control field | 20251119200443.0 |
| 008 - FIXED-LENGTH DATA ELEMENTS--GENERAL INFORMATION | |
| fixed length control field | 990716s1999 enka 000 0 eng |
| 010 ## - LIBRARY OF CONGRESS CONTROL NUMBER | |
| LC control number | 99041327 |
| 020 ## - INTERNATIONAL STANDARD BOOK NUMBER | |
| International Standard Book Number | 0195917367 |
| 035 ## - SYSTEM CONTROL NUMBER | |
| System control number | 200566 |
| 035 ## - SYSTEM CONTROL NUMBER | |
| System control number | (DLC) 99041327 |
| 040 ## - CATALOGING SOURCE | |
| Original cataloging agency | DLC |
| Transcribing agency | DLC |
| Modifying agency | DLC |
| 042 ## - AUTHENTICATION CODE | |
| Authentication code | pcc |
| 043 ## - GEOGRAPHIC AREA CODE | |
| Geographic area code | a-cc--- |
| 100 1# - MAIN ENTRY--PERSONAL NAME | |
| Personal name | Zhang, Lijia, |
| Dates associated with a name | 1964- |
| 245 10 - TITLE STATEMENT | |
| Title | China remembers / |
| Statement of responsibility, etc | Zhang Lijia and Calum Macleod. |
| 260 ## - PUBLICATION, DISTRIBUTION, ETC. (IMPRINT) | |
| Place of publication, distribution, etc | Oxford : |
| Name of publisher, distributor, etc | Oxford University Press, |
| Date of publication, distribution, etc | c1999. |
| 300 ## - PHYSICAL DESCRIPTION | |
| Extent | xii, 293 p. : |
| Other physical details | ill. ; |
| Dimensions | 24 cm. |
| 336 ## - CONTENT TYPE | |
| Content Type Term | text |
| Content Type Code | txt |
| Source | rdacontent |
| 337 ## - MEDIA TYPE | |
| Media Type Term | unmediated |
| Media Type Code | n |
| Source | rdamedia |
| 338 ## - CARRIER TYPE | |
| Carrier Type Term | volume |
| Carrier Type Code | nc |
| Source | rdacarrier |
| 651 #0 - SUBJECT ADDED ENTRY--GEOGRAPHIC NAME | |
| Geographic name | China |
| General subdivision | Politics and government |
| Chronological subdivision | 1949- |
| 700 1# - ADDED ENTRY--PERSONAL NAME | |
| Personal name | MacLeod, Calum, |
| Dates associated with a name | 1969- |
| 942 ## - ADDED ENTRY ELEMENTS (KOHA) | |
| Source of classification or shelving scheme | Library of Congress Classification |
| Item type | Books |
| Withdrawn status | Lost status | Source of classification or shelving scheme | Damaged status | Not for loan | Home library | Current library | Shelving location | Date acquired | Inventory number | Total Checkouts | Full call number | Barcode | Date last seen | Price effective from | Koha item type |
|---|---|---|---|---|---|---|---|---|---|---|---|---|---|---|---|
| Library of Congress Classification | BSOP Library | BSOP Library | Special Collections English | 11/19/2025 | 50011 | DS777.75 Z61 1999 | 00062682 | 11/19/2025 | 11/19/2025 | Books |
